000 00721cam a2200205 4500
001 WB3540-12
008 000000n1999 000 0 eng u
035 _a(Sirsi) u100425
245 _aWal-Mart in property push
260 _c1999
490 _aObserver
_v10 October 1999, B1(1)
520 _aWal-Mart is preparing to accelerate its expansion into Britain. The US retailer is planning to buy out-of-town shopping centres and demolish the shops and rebuild them to their own specifications.
590 _aWB
650 _aOUT-OF-TOWN SHOPPING CENTRES
650 _aWAL-MART
650 _aPROPERTY PORTFOLIOS
650 _aSUPERMARKETS
690 _aPROPERTY-COMMERCIAL PROPERTY-RETAIL PROPERTY
942 _n0
999 _c60085
_d60085